000 00952cam a2200241 4500
001 ABS63505
008 000000n2001 000 0 eng u
035 _a(Sirsi) u110754
100 _aLeitch, J.
245 _aCJ50
260 _c2001
490 _aContract Journal
_v407(6312) 31 January 2001, 14-18(5)
520 _aRanks the UK's 50 most successful construction firms by the value of contracts awarded, and by the value of traditional contracts awarded, during the year 2000. Includes a monthly analysis, sector breakdown, regional survey and a league table of management contract award winners. Also profiles Carillion, winners of the CJ50 Award for the second year running.
590 _aABS
650 _aCONSTRUCTION FIRMS
650 _aCONTRACTORS
650 _aLEAGUE TABLES
650 _aMANAGEMENT CONTRACTS
650 _aREGIONS
690 _aBUILT ENVIRONMENT-CONSTRUCTION MARKET
700 _aAtkinson, J.
942 _n0
999 _c66017
_d66017